000 nam a22 a 4500
999 _c145553
_d145553
003 BLK
005 20230127115914.0
008 180410b bul|||||r ||||||| ||bul||
010 _aKNG00151734000
040 _aBLK
041 _aBUL
_cBUL
080 _aКубинска литература
_b821.134.2(729.1)
_x-93-34
_z821.134.2(729.1)-93-34
100 1 _aЕлисагарай, Алга Марина
_eпърви автор
_967003
139 _aЕлисагарай, Алга Марина
_bЕ 53
245 1 0 _aКубински приказки
_bЗа деца
_cАлга Марина Елисагарай; прев. от исп. Стела Атанасова; худож. Весела Бракалова.
250 _a2. изд.
257 _aCUB
260 _aСофия
_bОтечество
_c1987
300 _a63 с.
_bс ил.
_c21 см
380 _aDX
500 _aОриг. загл. Cuentor populares / Alga Marina Elizagaray. - Авт. отбелязана на кор. - Без тир.
653 _aдетска литература
653 _aлитература за деца
653 _aприказки
700 1 _aАтанасова, Стела
_eпрев. от исп.
_9377399
700 1 _aБракалова, Весела
_eхудож.
_942862
852 _aЦб 262667
856 4 _qpdf
_i0.28
_ldisable
856 4 _qpdf
_i0.28
_ldisable
942 _cKNG
_n0
_s1
944 _aCR
_c14.10.2013
_l14.10.2013 - от С1,Р / 14.10.2013
_kГергана_Михайлова
944 _aED
_c28.09.2017
_l14.10.2013 - от С1,Р / 14.10.2013
_kКети_Илиева
999 _d145553